000 01201cam a22002174a 4500
005 20250605164017.0
008 250528s ||||||||||||||||||||||||d
035 _a16189
020 _a719536618
040 _aGR-AtMCL
_bgre
_dGR-AtMCL
_eAACR2
245 1 _aQuestion on Principles of Physics
260 _c1979
300 _a240
520 _aThe problems in this book have been specially designed to develop the student's confidence, understanding and interest throughout the course of study. General Introduction, Introduction, Mathematics, Physics Problems, Orders of Magnitude, Errors and Dimensions and Graphs, The Questions and Problems, Principles of Mechanics, Oscillations and Wave Motion, Structure and Mechanical Properties of Matter, Thermal Properties of Matter, Geometrical Optics, Wave Properties of Light, Sound Waves, Electrostatics, Current Electricity, Electronic and Atomic and Nuclear Physics, Essays, There-Figure Tables, Index, End-Papers, Selected Physical Constants, Common Physical Properties, Unit Prefixes.
700 1 _aHodgson M. J
_92255
700 1 _aJohn Murray
_91627
700 1 _aWhelan P. M
_92256
942 _cBK
999 _c1723
_d1723